| 000 | 00442pab a2200145 454500 | ||
|---|---|---|---|
| 008 | 180718b xxu||||| |||| 00| 0 eng d | ||
| 100 | _aManohar Lal | ||
| 245 | _aTribal women workers in India and their problems | ||
| 362 | _a(3) 90, p 93-104 | ||
| 650 | _a Tribal Women -- India | ||
| 650 | _a Tribes and Tribal Systems -- India | ||
| 650 | _aWomen -- Employment -- India | ||
| 773 | _aJournal of Social and Economic Studies | ||
| 909 | _a25302 | ||
| 999 |
_c25302 _d25302 |
||